000 00984nac a22002291u 4500
010 _a 91010753
020 _a0024189758
082 0 0 _a658.4034
_bT1286
090 _c4442
_d4442
100 _aTaha, Hamdy A.
245 1 0 _aOperations research :
_ban introduction /
_cHamdy A. Taha.
250 _a5th ed.
260 _aNew York :
_bMacmillan ;
_aToronto :
_bMaxwell Macmillan Canada ;
_aNew York :
_bMaxwell Macmillan International,
_cc1992.
300 _axix, 822 p. :
_bill. ;
_c26 cm. +
_e1 computer disk (5 1/2in.).
500 _aSystem requirements for computer disk: IBM computer; DOS; floppy disk drive.
500 _aIncludes TORA and a student version of SIMNET II software in pocket.
500 _aIncludes index.
650 0 _aOperations research.
650 0 _aProgramming (Mathematics)
942 _cBB
_k658.4034T1286
999 _c4442
_d4442